Cinco Humoristas de Hoy /
En este texto se reunen historietas de Cesc, Chumy Chumez, Jorges, Perich y Summers e incluye una breve contextualización biográfica de cada autor.
Kaydedildi:
| Diğer Yazarlar: | |
|---|---|
| Materyal Türü: | Kitap |
| Dil: | İspanyolca |
| Baskı/Yayın Bilgisi: |
Barcelona, España :
Publicaciones Reunidas,
1974
|
| Konular: | |
| Etiketler: |
Etiket eklenmemiş, İlk siz ekleyin!
|
MARC
| LEADER | 00000nam^a2200000^a^4500 | ||
|---|---|---|---|
| 001 | 000022798 | ||
| 005 | 20250521000000.0 | ||
| 009 | 20260310084509.637 | ||
| 020 | |a 84-297-0984-3 | ||
| 037 | |a Acervo ITESO - Biblioteca | ||
| 041 | |a ESP | ||
| 082 | |a 741. 507 |b CES | ||
| 245 | 1 | 0 | |a Cinco Humoristas de Hoy / |c Cesc... [et al.]. |
| 264 | 1 | |a Barcelona, España : |b Publicaciones Reunidas, |c 1974 | |
| 300 | |a 1 v. (sin paginación) | ||
| 336 | |a texto |b txt |2 rdacontenido | ||
| 337 | |a sin mediación |b n |2 rdamedio | ||
| 338 | |a volumen |b nc |2 rdasoporte | ||
| 520 | |a En este texto se reunen historietas de Cesc, Chumy Chumez, Jorges, Perich y Summers e incluye una breve contextualización biográfica de cada autor. | ||
| 649 | |a XX | ||
| 650 | |a Medios de Comunicación | ||
| 650 | |a Historietas y Caricaturas de Temas Políticos y Sociales | ||
| 650 | |a Historietas y Caricaturas Españolas | ||
| 700 | |a Cesc |e (autor) | ||
| 910 | |a Fondo General | ||
| 920 | |a Impresos - Libros | ||
| 930 | |a Colección General | ||
| 905 | |a 101 | ||
| 901 | |a 0227980100 |b IT1 |c ACC |i 022798 |u 20250521 | ||
| 902 | |a https://opac.biblio.iteso.mx/vufind/Record/000022798 | ||